1141 1677 1863 1238 1419 1515 1505 1696 1031 1423 1419 1205 1063 1331 1319 1049 1733 1932 1973 1816 1136 1223 1522 1732 1620 1904 1947 1550 1089 1794 1935 1869 1570 1263 1971 1935 1408 1750 1076 1483 1636 1735 1497 1593 1166 1994 1230 1769 1663 1342 1109 1741 1434 1448 1971 1207 1319 1188 1227 1401 1168 1495 1257 1198 1294 1553 1817 1922 1783 1763 1302 1360 1912 1437 1330 1533 1234 1897 1290 1411 1635 1989 1258 1703 1281 1795 1435 1204 1703 1486 1480 1532 1046 1205 1523 1921 1581 1610 1820 BCNSPRNW ULIB Ver.6.0+V

เปลี่ยนเป็นภาษาไทย

Change to English
 แสดงรายละเอียดบรรณานุกรม
  กลับหน้าหลัก

Brief Record : Get Marc (ISO 2709) : E-mail record : QR code < ปิดหน้าต่าง
LEADER : 00000nam 2200000uu 4500
001    13399123207
003     ULIB
008    020711s2551 th a 000 0 tha d
020    9789744263438
090    นว.^bอ727อ
100    อิทธิพล คมขำ
245    อนาคตกำหนดรัก /^cอิทธิพล คมขำ
260    กรุงเทพฯ :^bLemongreen,^c2551
300    272 หน้า;^b21 ซม.
710    Lemongreen
945    ^p199^l0^i20343
999    ^aทศพร เกษรทอง
รายการนี้ยังไม่มีแท็ก
คุณยังไม่ได้ล็อกอิน คุณสามารถมีกิจกรรมร่วมกับเว็บไซต์ได้ แต่ต้องล็อกอินก่อน ::
  ล็อกอิน

รายการสื่อสารสนเทศ

ลำดับที่ ประเภท เลขเรียก/บาร์โค้ด สถานที่ สถานะ
1. นวนิยาย
นวนิยาย
นว. อ727อ ฉ.1 
  Barcode: 20343
ห้องสมุดวิทยาเขตนครสวรรค์
►นวนิยาย:l:Fiction
บนชั้น

BibComment


ยังไม่เคยถูกคอมเมนท์

คอมเมนท์ทรัพยากรรายการนี้
  คอมเมนท์: อนาคตกำหนดรัก อิ..


 Copyright 2026. Bcnsprnw @Library